000 00510nam a22001697a 4500
003 CEME
005 20210628205213.0
008 210216b xxu||||| |||| 00| 0 eng d
020 _a90-5410-896-7
040 _c.
082 _a620.1123 MOD'G
100 _aGilchrist, M
_974407
245 _aModern practice in stress and vibration analysis proceedings of the 3rd international conference on modern practice in stress
260 _aNETHERLAND
_bA. A. BALKEMA
_c1997
300 _aXI, 586P
942 _cBK
_2ddc
999 _c579940
_d579940